Statystyki dla 100 państw z najwyższymi szczytami korony świata

Kliknij tutaj aby rozwiązać quiz!

Ogólne statystyki

  • Ten quiz został rozwiązany 392 razy
    (388 od ostatniego zresetowania)
  • Średni wynik to 75 z 105

Statystyki odpowiedzi

lp.GóraWysokośćPaństwo% Poprawnych
1Mount Everest8848Chiny
98%
93Rysy2499Polska
96%
19Elbrus5642Rosja
95%
3Kanczendzonga8586Indie
94%
15Logan5959Kanada
94%
14Denali6194Stany Zjednoczone
94%
Nepal
93%
9Aconcagua6961Argentyna
91%
28Mont Blanc4810Francja
91%
Włochy
91%
10Ojos del Salado6893Chile
90%
2K28611Pakistan
90%
43Fudżi3776Japonia
89%
20Orizaba5636Meksyk
88%
83Gerlach2655Słowacja
88%
30Dufourspitze4634Szwajcaria
88%
24Ararat5137Turcja
88%
42Grossglockner3798Austria
87%
45Pico de Teide3718Hiszpania
87%
66Zugspitze2962Niemcy
87%
21Demawend5610Iran
86%
11Huascarán6768Peru
86%
63Pico da Neblina2994Brazylia
85%
50Mafadi3450Południowa Afryka
85%
27Jaya4884Indonezja
84%
47Cheekha Dar3611Irak
84%
8Chan Tengri7010Kazachstan
84%
5Szczyt Ismaila Samaniego7495Tadżykistan
84%
18Cristóbal Colón i Simón Bolívar5775Kolumbia
83%
94Galdhøpiggen2469Norwegia
81%
70Mytikas2918Grecja
80%
22Kenia5199Kenia
80%
35Chujten4374Mongolia
80%
26Pico Bolívar4981Wenezuela
80%
6Noszak7492Afganistan
79%
54Ajribaba3139Turkmenistan
79%
55Dżabal as-Sauda3133Arabia Saudyjska
78%
84Góra Świętej Katarzyny2629Egipt
78%
13Chimborazo6267Ekwador
78%
7Szczyt Zwycięstwa7439Kirgistan
78%
37Dżabal Tubkal4167Maroko
78%
12Sajama6542Boliwia
77%
Demokratyczna Republika Konga
77%
100Pico2351Portugalia
77%
90Moldoveanu2544Rumunia
76%
29Khazret Sultan4643Uzbekistan
76%
53Phan Xi Păng3143Wietnam
76%
23Szchara5193Gruzja
75%
Izrael
75%
76Hermon2814Syria
75%
4Gangkhar Puensum7570Bhutan
74%
79Pektu-san2744Korea Północna
74%
44Góra Cooka3754Nowa Zelandia
74%
73Triglav2864Słowenia
74%
88Doi Inthanon2565Tajlandia
74%
61Tahat3003Algieria
73%
40Aragac4090Armenia
73%
16Kilimandżaro5895Tanzania
72%
34Bazardüzü Dağı4485Azerbejdżan
71%
31Ras Daszan4550Etiopia
71%
97Chappal Waddi2419Nigeria
71%
64Dżabal Szams2980Oman
71%
58Deriba Caldera3042Sudan
71%
46Dżabal an-Nabi Szuajb3666Jemen
69%
75Phou Bia2819Laos
69%
69Musała2925Bułgaria
68%
49Volcan de Chiriqui3475Panama
68%
38Kinabalu4095Malezja
67%
17Hkakabo Razi5881Mjanma
67%
95Shimbiris2450Somalia
66%
39Kamerun4095Kamerun
65%
86Grauspitz2599Liechtenstein
65%
51Emi Kussi3415Czad
64%
67Apo2954Filipiny
64%
41Cerro Chirripó3820Kostaryka
63%
68Coma Pedrosa2942Andora
62%
72Cerro Las Minas2870Honduras
62%
98Maglić2386Bośnia i Hercegowina
61%
36Tajumulco4220Gwatemala
61%
71Maromokotro2876Madagaskar
61%
78Golem Korab2764Albania
60%
77Roraima2810Gujana
60%
25Góra Stanleya5109Uganda
60%
85Morro de Môco2620Angola
59%
52Kinyeti3187Sudan Południowy
59%
57Kurnat as-Sauda3088Liban
58%
Macedonia
57%
91Zla Kolata2534Czarnogóra
55%
87Inyangani2592Zimbabwe
55%
32Góra Wilhelma4509Papua-Nowa Gwinea
54%
80El Pital2730Salwador
54%
59Soira3018Erytrea
53%
96Binga2436Mozambik
53%
89Konigstein2573Namibia
53%
33Karisimbi4507Rwanda
52%
92Pidurutalagala2524Sri Lanka
52%
56Pico Duarte3098Dominikana
47%
48Thabana Ntlenyana3482Lesotho
47%
82Pic la Selle2680Haiti
46%
81Heha2684Burundi
42%
62Sapitwa3002Malawi
40%
65Foho Tatamailau2963Timor Wschodni
37%
60Pico Basilé3011Gwinea Równikowa
28%
74Pico do Fogo2829Republika Zielonego Przylądka
21%
99Kartala2361Komory
19%

Rozkład punktacji

Percentyl według liczby udzielonych odpowiedzi

Procent ludzi z każdym wynikiem

Twoja historia wyników

Nie rozwiązałeś tego quizu od ostatniego zresetowania